000 00745cam a22002531 4500
001 1992
003 BD-RjUL
005 20211208233447.0
008 131210s1948 onc 001 0 eng d
035 _a(BD-RjUL)2019
035 _a(OCoLC)757388
040 _aDLC
_cVtMiM
_dOCoLC
_dDLC
_dBD-RjUL
_beng
041 _aeng
082 _a330.16
_bKET
100 1 _aKeirstead, B. S.
_q(Burton Seely),
_d1907-
_96562
245 1 4 _aThe theory of economic change /
_cB. S. Keirstead.
260 _aToronto :
_bMacmillan Co. of Canada,
_cc1948.
300 _axi, 386 p. :
_bdiagrs. ;
_c22 cm.
504 _aIncludes index and Bibliographical footnotes.
650 0 _aEconomics.
_96563
942 _2ddc
_cBK
999 _c1992
_d1992